01290nam a2200193Ia 4500008004100000020001500041050001800056100003500074245009900109250007700208260003500285300001900320336001000339337001500349338001200364505065600376650003201032650003201064120625s1999 mx 000 0 spa d a9700714446 4aK75 bR6 19991 aRojina Villegas, Rafaeleautor10aCompendio de derecho civil b: teoría general de las obligacionesc/ Rafael Rojina Villegas. a22a. ed. concordada con la legislacion vigente por Adriana Rojina Garcia3 aMéxico b: Porrúac, 1999. a543 páginas. aTexto aSin medio  aVolumen1 aPrimera parte: de las obligaciones en general Supuestos y consecuencias de creación de las obligaciones El contrato como acto jurídico creador de obligaciones El contrato como norma física Teoría general de las fuentes extracontractuales La declaración unilateral de voluntad como fuente de obligaciones El testamento y la sentencia como fuentes de obligaciones Hechos jurídicos que son fuentes de obligaciones Supuestos y consecuencias relativos al cumplimiento de las obligaciones Incumplimiento de las obligaciones y responsabilidad civil Transmisión de las obligaciones Extinción de las obligaciones Modalidades de las obligaciones14aDERECHO CIVIL zMÉXICO24aDERECHO CIVIL xCOLECCIONES